[Event "IECC CL7-2001.10"]
[Site "IECC email"]
[Date "2001.03.30"]
[Round "?"]
[White "Lapham, Frank J"]
[Black "Ellis, Nick"]
[Result "0-1"]
[WhiteElo "1139"]
[BlackElo "1111"]
[PlyCount "44"]
[EventDate "2001.??.??"]
[EventType "tourn (corr)"]
[EventRounds "4"]
[SourceTitle "Corr 2008"]
[Source "ChessBase"]
[SourceDate "2008.06.24"]
[SourceVersion "1"]
[SourceVersionDate "2008.06.24"]
[SourceQuality "1"]

1. e4 d5 2. Nc3 dxe4 3. Nxe4 Nd7 4. Nf3 Ngf6 5. d3 e5 6. Bd2 Be7 7. Be2 0-0 8. 0-0 c5 9. c4 b6 10. Nc3 Qc7 11. Qc1 Re8 12. d4 exd4 13. Bf4 Qc6 14. Nd1 Bb7 15. b3 Nh5 16. Be3 Qg6 17. Qb1 Be4 18. Qb2 Bf6 19. Bxd4 Nf4 20. Ne3 cxd4 21. Nxd4 Bxd4 22. Ng4 Bxb2 0-1

[Event "IECC Swiss email"]
[Site "IECC email"]
[Date "2001.03.16"]
[Round "?"]
[White "Ellis, Nick"]
[Black "Zednik, Martin"]
[Result "0-1"]
[WhiteElo "1102"]
[BlackElo "1801"]
[PlyCount "78"]
[EventDate "2001.??.??"]
[EventType "tourn (corr)"]
[EventRounds "6"]
[SourceTitle "Corr 2008"]
[Source "ChessBase"]
[SourceDate "2008.06.24"]
[SourceVersion "1"]
[SourceVersionDate "2008.06.24"]
[SourceQuality "1"]

1. Nf3 d5 2. d4 Nf6 3. c4 dxc4 4. e3 e6 5. Bxc4 c5 6. 0-0 a6 7. b3 cxd4 8. Qxd4 Qxd4 9. exd4 b5 10. Be2 Bb7 11. Bf4 Nd5 12. Be5 Nc6 13. Rc1 Nxe5 14. dxe5 Nf4 15. Bd1 Rd8 16. a3 Nd3 17. Rc7 Nxe5 18. Nbd2 Nxf3+ 19. Nxf3 Be4 20. Ng5 Bg6 21. Bc2 Bd6 22. Bxg6 hxg6 23. Nxf7 Bxh2+ 24. Kf1 Bxc7 25. Nxh8 g5 26. Rc1 Bd6 27. Rd1 Ke7 28. Ng6+ Kf6 29. Nf8 Kf7 30. Nh7 Be7 31. Rc1 Rh8 32. Rc6 Rxh7 33. Rxa6 Rh1+ 34. Ke2 b4 35. axb4 Rb1 36. Rb6 Rxb3 37. b5 Rb2+ 38. Kf3 Bc5 39. Rb7+ Kf6 0-1